000 00936nam a22002417a 4500
999 _c5803
_d5803
001 020098176
003 OSt
005 20251113083438.0
008 251113b ||||| |||| 00| 0 eng d
020 _z9781444959970
040 _cKH8
082 0 4 _a823.912 BLY
100 1 _aBlyton, Enid
_eauthor
245 1 0 _aJoe and the magic snowman
_cEnid Blyton
264 1 _a50 Victoria Embankment London EC4Y 0DZ
_bHodder Children's Books
_c2021
300 _a103 pages
_bcolour illustrations
520 _aWhen Joe is whisked up to the Land of Ice and Snow, he meets a rather bossy snowman, who is determined to make Joe his servant! Can Moon-Face, Frannie and Beth rescue Joe, with the help of their new friends, Goldilocks and the Three Bears?
650 7 _aJuvenile Fiction
_2Adventure
650 7 _aJuvenile Fiction
_2 Fantasy & Magic
650 7 _aAdventure stories
_2Children
655 0 _aJuvenile Literature
942 _2ddc
_cFIC